000 00874nac a22002417a 4500
001 BR6003679
003 BR-BrBNA
005 20240105113056.0
008 230509b bl.|||m| |||| 00| 0 por d
040 _aBR-BrBNA
_bpor
_cBiblioteca Nacional de Agricultura
072 _aE70
090 _aE70 BR6003679
110 1 _aServico do Acordo de Classificacao no Estado do Parana, Curitiba (Brasil)
_99330
245 1 _aRelatorio das atividades administrativas 1971 [Servico do Acordo de Classificacao no Estado do Parana, Brasil]
260 3 _aCuritiba, PR (Brasil):
_c[nd].
300 _a32 p.
490 _aRelatorio - Servico do Acordo de Classificacao no Estado do Parana (Brazil)
_v
_x
500 _aPublished 1971?
650 _aCONTROLE DE QUALIDADE
650 _aESTATISTICA COMERCIAL
909 _a202312
_bLúcia Elande
_c55
_dLúcia Elande
942 _2AGRIS
_n0
_cMS
999 _c261753
_d261753